000
00332 a2200145 4500
001
155995
040
_c
Escola São Tomás de Aquino
100
_a
ROCHAMONTE, Catarina.
240
1
0
_a
Filosofia e Sociologia
_l
por
245
1
0
_a
Filosofia e Sociologia
300
_a
196
362
0
_a
2017
697
_a
GENERALIDADES
942
_c
BK
999
_c
155995
_d
155995